| 000 | 00337nam a2200133Ia 4500 | ||
|---|---|---|---|
| 005 | 20260326100048.0 | ||
| 008 | 260326s9999||||xx |||||||||||||| ||und|| | ||
| 100 | _aShvarts, V. | ||
| 245 | 0 |
_aLeningrado : _b Monumentos artÃsticos / _cV. Shvarts |
|
| 260 | _bProgreso | ||
| 300 | _a307 p. | ||
| 650 | _aARQUITECTURA REGIONAL | ||
| 942 | _cBK | ||
| 999 |
_c7263 _d7263 |
||